paroles Binks to Binks pt.2 - Ninho - Statistiques

Statistiques générales
  • Ce quiz a été pris 85 fois
  • Le résultat moyen est 216 sur 412
Statistiques - réponses
Parties Paroles % Correct
je
89%
Je
89%
le
89%
Le
89%
Ma
87%
ma
87%
à
85%
a
85%
ce
83%
mon
83%
ces
81%
me
81%
tu
81%
Tu
81%
c’est
79%
de
79%
la
79%
La
79%
les
79%
et
77%
Et
77%
il
77%
comme
74%
dû,
74%
du
74%
Partie 1 J’suis
74%
j’suis
74%
mais
74%
N.I
74%
ni
74%
pas
74%
que
74%
ça
72%
des
72%
en
72%
ne
72%
on
72%
(on
72%
J’ai
70%
j’ai
70%
monde
70%
quand
70%
Au
68%
CR
68%
dans
68%
par
68%
récupérer
68%
suis
68%
venu
68%
couilles
66%
grosses
66%
mère
66%
tendu,
66%
4
64%
ai
64%
bénéf’
64%
besoin
64%
comico,
64%
eu
64%
monnaie,
64%
monnaie
64%
Personne
64%
plus
64%
qui
64%
secondes
64%
avocat,
62%
boca
62%
devenu
62%
ferme
62%
fréquentes
62%
galéré,
62%
Glock
62%
mal,
62%
mal ?
62%
boîte
60%
calibré
60%
coins
60%
dessous
60%
endroits
60%
j’en
60%
l’hôtel:
60%
Nique
60%
ou
60%
parle
60%
ta
60%
ton
60%
traîné
60%
trop
60%
voyait
60%
zéro
60%
assume
57%
bas,
57%
beaux
57%
bouge
57%
Demande
57%
dur
57%
j’dors
57%
menu
57%
morceaux
57%
pauvreté,
57%
soir
57%
tolérer
57%
y’
57%
blonde,
55%
bombers,
55%
deux
55%
Dieu
55%
français
55%
français)
55%
fusil
55%
j’le
55%
maison,
55%
meilleur
55%
pétasse
55%
saison
55%
tire
55%
aura
53%
avec
53%
Avec
53%
buteur
53%
chinoiseries,
53%
J’coupe
53%
malheureux
53%
sans
53%
tombes
53%
faits
51%
faits,
51%
l’essence
51%
m’emmènera
51%
saisies,
51%
Si
51%
si
51%
un
51%
corps
49%
Ils
49%
ils
49%
j’compte
49%
n’y
49%
sous
49%
trois
49%
va
47%
font ?
45%
l’cocktail,
45%
peut
45%
crois
43%
fond
43%
j’nie
43%
sale
43%
une
43%
barres
40%
fils
40%
T’as
40%
t’as
40%
disent
38%
freestyle,
38%
pute,
38%
sang,
38%
t’es
38%
Toi,
38%
dedans,
36%
gueule,
36%
m’appelle
36%
percer ?
36%
qu’le
36%
18,
34%
20%,
34%
20%
34%
ablation
34%
Depuis
34%
depuis
34%
forme,
34%
l’hall
34%
monté
34%
Partie 2 48 heures,
32%
elle
32%
est-ce
32%
protègent
32%
qu’tu
32%
tier-quar
32%
vas
32%
biggie
30%
qu’ils
30%
sur
30%
sûr,
30%
calibrés
28%
Faire
26%
famille
26%
loisir,
26%
marron
26%
même
26%
bannir
23%
bannir,
23%
bannir)
23%
Binks
23%
finir
23%
jeux
23%
l’Oiseau
23%
moula,
23%
parking
23%
pour
23%
qu’on
23%
seul
23%
Tiens,
23%
tiens,
23%
tiens
23%
vu
23%
biff
21%
comment
21%
Crapuleux
21%
Didier
21%
étoiles,
21%
Mets
21%
mets
21%
peignoir,
21%
sait
21%
tel-hô
21%
d’hasard
19%
GLK
19%
maintenant,
19%
millions,
19%
Ouais,
19%
alors
17%
(argo,
17%
Bobigny,
17%
bon
17%
croit
17%
euros
17%
gère
17%
mignon
17%
rend
17%
vues
17%
apparemment,
15%
blégé,
15%
cloison
15%
Lasso,
15%
pouki,
15%
qu’c’est
15%
qu’elle
15%
succès
15%
as-p
13%
aveugle
13%
Car
13%
d’parler
13%
feu,
13%
jamais
13%
lui
13%
nasale
13%
nul
13%
s’immole
13%
s’mette
13%
suceurs
13%
veux
13%
Banane
11%
hein
11%
parlerais
11%
simule
11%
sortira
11%
sourd,
11%
appelle
9%
Brams
9%
cer-su
9%
feat,
9%
gratter
9%
j’sais
9%
manager
9%
qu’t’as
9%
qu’t’es
9%
placer
6%
tellement
6%
t’la
6%
anale
4%
Anale,
4%
Mézereaux
4%
vers
4%
re-squa
2%
Salieri,
2%
Aucun quiz correspondant
Distribution des résultats
% des personnes avec chaque résultat
Percentile par nombre de réponses
Votre historique - résultats
Vous n’avez pas pris ce quiz